Diners in Movies Quiz Stats

 Plays Quiz Updated Jul 10, 2015

Also try: Tuxedos in Movies
Challenge
Share
Tweet
Score 0/25 Timer 06:00
2 Plays Today
% Correct
Back to the Future
96%
Grease
95.6%
Dumb & Dumber
93%
The Blues Brothers
90.9%
Groundhog Day
88%
Pulp Fiction
87.4%
When Harry Met Sally
84.7%
The Big Lebowski
84.7%
Goodfellas
66.1%
Reservoir Dogs
60.9%
Superman II
58.9%
Silver Linings Playbook
58%
Looper
51.5%
% Correct
Training Day
50.9%
Heat
47.1%
Swingers
42.5%
Se7en
40.1%
Super 8
25.6%
Diner
23.7%
Natural Born Killers
20.4%
Grosse Pointe Blank
20.4%
Five Easy Pieces
20.3%
Ghost World
17.6%
Alice Doesn't Live Here Anymore
12.7%
Coffee and Cigarettes
10.9%

You're not logged in!

Compare scores with friends on all Sporcle quizzes.
OR
Log In

You Might Also Like...

Show Comments

Extras

Top Quizzes Today


Score Distribution

Your Account Isn't Verified!

In order to create a playlist on Sporcle, you need to verify the email address you used during registration. Go to your Sporcle Settings to finish the process.

Report this User

Report this user for behavior that violates our Community Guidelines.

Details: